Wall posters for the teaching of French history: the slow establishment of a new kind of educational material in the 19th century (up to the 1870s) (notice n° 1614768)

détails MARC
000 -LEADER
fixed length control field 01342cam a2200157 4500500
005 - DATE AND TIME OF LATEST TRANSACTION
control field 20260111070007.0
041 ## - LANGUAGE CODE
Language code of text/sound track or separate title fre
042 ## - AUTHENTICATION CODE
Authentication code dc
100 10 - MAIN ENTRY--PERSONAL NAME
Personal name Geslot, Jean-Charles
Relator term author
245 00 - TITLE STATEMENT
Title Wall posters for the teaching of French history: the slow establishment of a new kind of educational material in the 19th century (up to the 1870s)
260 ## - PUBLICATION, DISTRIBUTION, ETC.
Date of publication, distribution, etc. 2025.<br/>
500 ## - GENERAL NOTE
General note 48
520 ## - SUMMARY, ETC.
Summary, etc. In the first quarter of the 19th century, French history wall posters benefited from a particular intellectual context, which promoted the national narrative as much as its pedagogy. As history was gradually established as a school subject, the wall poster was presented as a specific material medium, making it possible to encompass all knowledge of the nation's past in a single glance. However, the material characteristics of these objects seem to be holding back their development. Although some posters were relatively widely distributed, and benefited from genuine promotional campaigns, publishers invested little in them. It’s only the Third Republic that this original material became an integral part of the range of tools used to teach French history.
786 0# - DATA SOURCE ENTRY
Note Romantisme | 206 | 4 | 2025-01-03 | p. 29-43 | 0048-8593
856 41 - ELECTRONIC LOCATION AND ACCESS
Uniform Resource Identifier <a href="https://shs.cairn.info/journal-romantisme-2024-4-page-29?lang=en&redirect-ssocas=7080">https://shs.cairn.info/journal-romantisme-2024-4-page-29?lang=en&redirect-ssocas=7080</a>

Pas d'exemplaire disponible.

PLUDOC

PLUDOC est la plateforme unique et centralisée de gestion des bibliothèques physiques et numériques de Guinée administré par le CEDUST. Elle est la plus grande base de données de ressources documentaires pour les Étudiants, Enseignants chercheurs et Chercheurs de Guinée.

Adresse

627 919 101/664 919 101

25 boulevard du commerce
Kaloum, Conakry, Guinée

Réseaux sociaux

Powered by Netsen Group @ 2025